| 000 | 00691nam a2200241 i 4500 | ||
|---|---|---|---|
| 001 | 5222 | ||
| 003 | BD-RjUL | ||
| 005 | 20211208234030.0 | ||
| 008 | 131224s1960 nyu 00100 eng d | ||
| 035 | _a(BD-RjUL)5258 | ||
| 035 | _a(BD-RjUL) | ||
| 040 |
_aBD-RjUL _beng _cBD-RjUL |
||
| 041 | _aeng | ||
| 082 |
_a345.4 _bSCS 1960 |
||
| 100 | 1 |
_aSchmidhauser, John R. _q(John Richard), _d1922- _916423 |
|
| 245 | 1 | 4 |
_aThe Supreme Court : _bits politics, personalities, and procedures. |
| 260 |
_aNew York : _bHolt, Rinehart and Winston, _c1960 |
||
| 300 |
_a163 p. _c19 cm. |
||
| 520 | _aincludes index | ||
| 526 | _blaw | ||
| 610 | 1 | 0 |
_aUnited States. _bSupreme Court. _916425 |
| 942 |
_2ddc _cBK |
||
| 999 |
_c5222 _d5222 |
||